Statistiques concernant Artistes/groupes d'animes les plus connues

Cliquez ici pour prendre le quiz!

Statistiques générales

  • Ce quiz a été pris 17 fois
  • Le résultat moyen est 9 sur 50

Statistiques - réponses

Réponse% Correct
Lisa
57%
Eve
43%
Kana-boon
36%
King gnu
36%
Yoasobi
36%
Ado
29%
Aimer
29%
Asian kung-fu generation
29%
Flow
29%
Reona
29%
Sid
29%
Bump of chicken
21%
Linked horizon
21%
Mrs.green apple
21%
Official hige dandism
21%
Porno graffitti
21%
Sim
21%
Spyair
21%
Ali
14%
Asca
14%
Burnout syndromes
14%
Creepy nuts
14%
Hiroyuki sawano
14%
Kenshi yonezu
14%
Man with a mission
14%
Milet
14%
Tatsuya kitani
14%
Tk from ling tosite sigure
14%
Uru
14%
Vaundy
14%
Yama
14%
Yui
14%
Amazarashi
7%
Aqua timez
7%
Bish
7%
Coldrain
7%
Granrodeo
7%
Ikimonogatari
7%
Konomi suzuki
7%
Maximum the hormone
7%
Myth&roid
7%
Nico touches the walls
7%
OXT
7%
Queen bee
7%
Sayuri
7%
Survive said the prophet
7%
Syudou
7%
The oral cigarettes
7%
Uverworld
7%
Vickeblanka
7%

Distribution des résultats

Percentile par nombre de réponses

% des personnes avec chaque résultat

Votre développement - résultats

Vous n’avez pas pris ce quiz